Plant Pathology (Record no. 11251)
[ view plain ]
| 000 -LEADER | |
|---|---|
| fixed length control field | 00290nam a2200133Ia 4500 |
| 003 - CONTROL NUMBER IDENTIFIER | |
| control field | OSt |
| 005 - DATE AND TIME OF LATEST TRANSACTION | |
| control field | 20240110112842.0 |
| 008 - FIXED-LENGTH DATA ELEMENTS--GENERAL INFORMATION | |
| fixed length control field | 170523s9999 xx 000 0 und d |
| 020 ## - INTERNATIONAL STANDARD BOOK NUMBER | |
| International Standard Book Number | 9780070473997 |
| 040 ## - CATALOGING SOURCE | |
| Transcribing agency | iimtu |
| 100 ## - MAIN ENTRY--PERSONAL NAME | |
| Personal name | Mehrotra.R.S |
| 245 #0 - TITLE STATEMENT | |
| Title | Plant Pathology |
| 942 ## - ADDED ENTRY ELEMENTS (KOHA) | |
| Source of classification or shelving scheme | |
| Koha item type | Book Bank |
| Withdrawn status | Lost status | Source of classification or shelving scheme | Damaged status | Not for loan | Home library | Current library | Date acquired | Full call number | Barcode | Date last seen | Uniform Resource Identifier | Price effective from | Koha item type | Total Checkouts | Date last checked out |
|---|---|---|---|---|---|---|---|---|---|---|---|---|---|---|---|
| IIMT University Central Library Meerut | IIMT University Central Library Meerut | 05/31/2017 | R | 01-B-108551 | 05/31/2017 | BIOTECHNOLOGY | 05/31/2017 | Reference Book | |||||||
| IIMT University Central Library Meerut | IIMT University Central Library Meerut | 05/31/2017 | 01-B-108552 | 01/18/2025 | BIOTECHNOLOGY | 05/31/2017 | Book Bank | 2 | 10/09/2024 | ||||||
| IIMT University Central Library Meerut | IIMT University Central Library Meerut | 05/31/2017 | 01-B-108553 | 06/24/2023 | BIOTECHNOLOGY | 05/31/2017 | Book Bank | 2 | 05/15/2023 |

